000
00325nam a22001457a 4500
020
_a
978-81-937464-1-7
041
_a
ENG
100
_a
S.B Nandgude.
245
_a
Natural Resources Atlas of Konkan
260
_a
Dapoli
_b
DBSKKV
_c
2018
300
_a
153
650
_a
GAE
700
_a
D.N Mahale .D.N,Jagtap
856
_u
GAE
999
_c
3193
_d
3193